[Event "POL-chT U19 2nd League"]
[Site "Szczyrk"]
[Date "2014.07.27"]
[Round "4.98"]
[White "Koszewski, Daniel"]
[Black "Koziorowicz, Michal"]
[Result "0-1"]
[WhiteElo "1511"]
[BlackElo "1406"]
[PlyCount "110"]
[EventDate "2014.07.25"]
[EventType "team-swiss"]
[EventRounds "11"]
[EventCountry "POL"]
[SourceTitle "EXT 2015"]
[Source "ChessBase"]
[SourceDate "2014.11.20"]
[SourceVersion "1"]
[SourceVersionDate "2014.11.20"]
[SourceQuality "1"]
[WhiteTeam "Mikolow AKS U19"]
[BlackTeam "Gorzow Wielkopolski Stilon U19 II"]
[WhiteTeamCountry "POL"]
[BlackTeamCountry "POL"]

1. e4 e5 2. Nf3 Nc6 3. Bc4 Bc5 4. 0-0 Nf6 5. d3 d5 6. exd5 Nxd5 7. h3 0-0 8. Re1 f6 9. Nc3 Be6 10. Nxd5 Bxd5 11. Bxd5+ Qxd5 12. Be3 Bxe3 13. Rxe3 Rad8 14. Qd2 Rd7 15. a3 Rfd8 16. Rae1 Na5 17. Qc3 Nc6 18. Qd2 Nd4 19. Nxd4 Qxd4 20. Qc3 Qxc3 21. bxc3 Rd6 22. Rb1 Rb6 23. Rb4 Kf7 24. Kf1 Rdd6 25. Ke2 Rdc6 26. Kd2 Rd6 27. Re1 Rxb4 28. cxb4 Ra6 29. Ra1 Ra4 30. c4 c6 31. Kc3 b5 32. Kb3 Ke6 33. Re1 Kd7 34. f3 a5 35. cxb5 cxb5 36. Rd1 axb4 37. axb4 Ra6 38. d4 Rd6 39. Kc3 Rc6+ 40. Kb3 Rd6 41. Kc3 Rd5 42. Rd3 Ke6 43. dxe5 Rxd3+ 44. Kxd3 Kxe5 45. g3 g5 46. Ke3 f5 47. f4+ gxf4+ 48. gxf4+ Kd5 49. Kd3 h6 50. h4 h5 51. Ke3 Kc4 52. Kd2 Kxb4 53. Kc2 Kc4 54. Kb2 Kd4 55. Kb3 Ke4 0-1

[Event "POL-chT U19 2nd League"]
[Site "Szczyrk"]
[Date "2014.07.25"]
[Round "1.63"]
[White "Kozakiewicz, Gracjan"]
[Black "Koszewski, Daniel"]
[Result "1/2-1/2"]
[WhiteElo "1589"]
[BlackElo "1511"]
[PlyCount "106"]
[EventDate "2014.07.25"]
[EventType "team-swiss"]
[EventRounds "11"]
[EventCountry "POL"]
[SourceTitle "EXT 2015"]
[Source "ChessBase"]
[SourceDate "2014.11.20"]
[SourceVersion "1"]
[SourceVersionDate "2014.11.20"]
[SourceQuality "1"]
[WhiteTeam "Bydgoszcz Hetman U19"]
[BlackTeam "Mikolow AKS U19"]
[WhiteTeamCountry "POL"]
[BlackTeamCountry "POL"]

1. d4 Nf6 2. c4 e6 3. Nc3 Bb4 4. Qc2 b6 5. Bg5 Bb7 6. f3 h6 7. Bh4 Nc6 8. e3 Bxc3+ 9. Qxc3 d5 10. Bd3 0-0 11. Ne2 dxc4 12. Bxc4 Rc8 13. 0-0 Nd5 14. Bxd5 Qxd5 15. e4 Qa5 16. Rfd1 Qxc3 17. Nxc3 g5 18. Bg3 a6 19. d5 exd5 20. Nxd5 f6 21. Bxc7 b5 22. Bb6 Kf7 23. Ne3 Ne7 24. Rac1 Rxc1 25. Rxc1 Rc8 26. Rxc8 Nxc8 27. Bc5 Bc6 28. Nf5 h5 29. Kf2 Bd7 30. Nd4 Ne7 31. Ke3 Nc6 32. Nxc6 Bxc6 33. Kd4 Ke6 34. Bb4 f5 35. Bd2 fxe4 36. fxe4 g4 37. Bf4 Ba8 38. g3 Bc6 39. Bd2 Ba8 40. Ke3 Bc6 41. Kf4 Be8 42. Bc3 Bf7 43. a3 Be8 44. Kg5 Bf7 45. Kh4 Bg6 46. Kg5 Be8 47. Kf4 Bf7 48. Ke3 Be8 49. Kd4 Bc6 50. b3 Bb7 51. Bd2 Ba8 52. Bf4 Bb7 53. Bd2 Ba8 1/2-1/2

[Event "POL-ch U10"]
[Site "Jastrzebia Gora"]
[Date "2014.??.??"]
[Round "6"]
[White "Redzisz, Michal"]
[Black "Koszewski, Daniel"]
[Result "1/2-1/2"]
[WhiteElo "1267"]
[BlackElo "1522"]
[PlyCount "87"]
[EventDate "2014.03.??"]
[EventType "tourn"]
[EventRounds "9"]
[EventCountry "POL"]
[SourceTitle "EXT 2016"]
[Source "ChessBase"]
[SourceDate "2015.10.08"]
[SourceVersion "1"]
[SourceVersionDate "2015.10.08"]
[SourceQuality "1"]

1. e4 c6 2. d4 d5 3. e5 Bf5 4. Be3 e6 5. Nd2 Nd7 6. Ne2 c5 7. c3 Rc8 8. Rc1 Bg6 9. Nf4 c4 10. Ne2 Ne7 11. Ng3 Nf5 12. Nxf5 Bxf5 13. g3 Be7 14. Bg2 Bd3 15. Bf1 Bxf1 16. Nxf1 b5 17. a3 Nb6 18. Nd2 Na4 19. Qc2 Qa5 20. 0-0 a6 21. Kh1 Qc7 22. Kg1 a5 23. Kh1 Nb6 24. Kg1 a4 25. Kh1 Nd7 26. Rg1 Nb8 27. Qd1 h5 28. Kg2 Qd8 29. Rh1 g6 30. Rb1 Nc6 31. Rc1 Na5 32. Rb1 Nb3 33. Nxb3 axb3 34. Qd2 Ra8 35. h4 Rb8 36. Bg5 Bxg5 37. Qxg5 Qxg5 38. hxg5 Ke7 39. Rh4 Kf8 40. Rbh1 Kg7 41. f4 Ra8 42. Rb1 Ra4 43. Rhh1 Raa8 44. Kh3 1/2-1/2